Deutsche Städte mit "O" - Statistiken

Allgemein
  • Dieses Quiz wurde 132 mal gespielt
  • Das Durchschnittsergebnis liegt bei 14 aus 72
Antwortstatistiken
Bundesland Stadt % Korrekt
Schleswig-Holstein Oldenburg in Holstein
89%
Niedersachsen Oldenburg (Oldb)
89%
Nordrhein-Westfalen Oberhausen
81%
Niedersachsen Osnabrück
76%
Hessen Offenbach am Main
75%
Nordrhein-Westfalen Olpe
75%
Baden-Württemberg Offenburg
68%
Brandenburg Oranienburg
57%
Sachsen-Anhalt Oschersleben (Bode)
41%
Hessen Oberursel (Taunus)
36%
Bayern Olching
34%
Rheinland-Pfalz Oppenheim
31%
Brandenburg Oderberg
30%
Sachsen Oelsnitz/Erzgebirge
29%
Sachsen Oelsnitz/Vogtland
29%
Nordrhein-Westfalen Oer-Erkenschwick
29%
Baden-Württemberg Ostfildern
28%
Sachsen Oschatz
27%
Nordrhein-Westfalen Oelde
24%
Thüringen Ohrdruf
23%
Niedersachsen Osterholz-Scharmbeck
22%
Thüringen Oberhof
21%
Baden-Württemberg Ochsenhausen
21%
Bayern Ostheim vor der Rhön
20%
Sachsen Oberwiesenthal
17%
Nordrhein-Westfalen Overath
17%
Baden-Württemberg Oberndorf am Neckar
16%
Baden-Württemberg Öhringen
16%
Hessen Obertshausen
15%
Niedersachsen Osterode am Harz
15%
Bayern Obernburg am Main
14%
Bayern Ochsenfurt
14%
Sachsen Oederan
14%
Sachsen Oberlungwitz
13%
Bayern Oettingen
11%
Sachsen Olbernhau
11%
Saarland Ottweiler
11%
Hessen Ortenberg
10%
Sachsen-Anhalt Osterburg (Altmark)
10%
Sachsen-Anhalt Osterwieck
10%
Sachsen Ostritz
10%
Hessen Ober-Ramstadt
8%
Sachsen-Anhalt Osterfeld
8%
Baden-Württemberg Owen
7%
Baden-Württemberg Oberkirch
6%
Nordrhein-Westfalen Olsberg
6%
Nordrhein-Westfalen Ochtrup
5%
Nordrhein-Westfalen Oerlinghausen
5%
Nordrhein-Westfalen Olfen
4%
Baden-Württemberg Oppenau
4%
Baden-Württemberg Osterburken
4%
Baden-Württemberg Östringen
4%
Rheinland-Pfalz Otterberg
4%
Hessen Oestrich-Winkel
3%
Sachsen-Anhalt Oberharz am Brocken
2%
Bayern Oberviechtach
2%
Rheinland-Pfalz Oberwesel
2%
Sachsen-Anhalt Oranienbaum-Wörlitz
2%
Brandenburg Ortrand
2%
Bayern Osterhofen
2%
Rheinland-Pfalz Osthofen
2%
Niedersachsen Otterndorf
2%
Bayern Oberasbach
1%
Baden-Württemberg Oberkochen
1%
Niedersachsen Obernkirchen
1%
Baden-Württemberg Oberriexingen
1%
Hessen Oberzent
1%
Sachsen-Anhalt Oebisfelde-Weferlingen
1%
Thüringen Orlamünde
1%
Baden-Württemberg Oberderdingen
0%
Rheinland-Pfalz Obermoschel
0%
Bayern Ornbau
0%
Keine übereinstimmenden Quizze gefunden
Verteilung der Resultate
Anzahl Personen mit jedem Resultat
Perzentil nach korrekt beantworteten Fragen
Ihre Resultats-Entwicklung
Sie haben dieses Quiz noch nicht gespielt